000 00412nam a22001457a 4500
999 _c7594
_d7592
005 20210315144234.0
008 210315b ||||| |||| 00| 0 eng d
082 _a346.066
100 _aAIYAR, A.N.
_96466
245 _aREPORTS OF COMPANY CASES INCLUDING CASES OF BANKING AND INSURENCE [VOL-78]
260 _aMADRAS
_bCOMPANY LAW INSTITUTE OF INDIA
300 _aI-XXXIV, P
650 _aLAW
_95701
942 _cJRL